Nueva gramática de la lengua española. Fonética y fonología
Na minha lista:
| Autor principal: | |
|---|---|
| Formato: | Desconhecido |
| Idioma: | inglês |
| Publicado em: |
Barcelona, España
Asociación de Academias de las Lengua Española
2018
|
| Edição: | Segunda edición |
| Assuntos: | |
| Tags: |
Adicionar Tag
Sem tags, seja o primeiro a adicionar uma tag!
|
MARC
| LEADER | 00000 a2200000 4500 | ||
|---|---|---|---|
| 003 | CL-VaPUC | ||
| 005 | 20210730121217.0 | ||
| 008 | 210616b ||||| |||| 00| 0 eng d | ||
| 999 | |c 433144 |d 433142 | ||
| 020 | |a 978-84-670-3321-2 | ||
| 040 | |c Pontificia Universidad Católica de Valparaíso | ||
| 082 | |a 465 REA 2018 | ||
| 100 | |a Real Academia Española |9 861448 | ||
| 245 | |a Nueva gramática de la lengua española. |b Fonética y fonología | ||
| 250 | |a Segunda edición | ||
| 260 | |a Barcelona, España |b Asociación de Academias de las Lengua Española |c 2018 | ||
| 300 | |a 532 páginas | ||
| 500 | |a Incluye DVD. Las voces del español. Tiempo y espacio | ||
| 583 | |k Cristina Rojas |c 20210617 | ||
| 650 | 0 | |a Gramática española |v Fonología |v Fonética |9 403055 | |
| 942 | |2 ddc |c BK | ||
| 952 | |0 0 |1 0 |2 ddc |4 0 |6 465_000000000000000_REA_2018 |7 0 |8 F |9 578199 |a BIBEDU |b BIBEDU |d 2021-06-16 |e 3 |g 0.00 |i 5584876 |l 2 |o 465 REA 2018 |p 5584876 |r 2023-01-13 |s 2022-06-23 |t 1 |v 0.00 |w 2021-06-16 |y BK |k LIT | ||
| 952 | |0 0 |1 0 |2 ddc |4 0 |6 465_000000000000000_REA_2018 |7 0 |8 F |9 578200 |a BIBEDU |b BIBEDU |d 2021-06-16 |e 3 |g 0.00 |i 5584884 |l 3 |m 5 |o 465 REA 2018 |p 5584884 |r 2021-11-30 |s 2021-09-18 |t 2 |v 0.00 |w 2021-06-16 |y BK |k LIT | ||